| 000 | 00532nam a2200193 a 4500 | ||
|---|---|---|---|
| 005 | 20220907135834.0 | ||
| 008 | 050215s2004 000 eng d | ||
| 020 | _a9703500463 | ||
| 035 | _aUPN01000138287 | ||
| 049 | _aCG | ||
| 050 | 4 |
_aZ1003 _bZ3.2 |
|
| 100 | 1 |
_aZaid, Gabriel _929514 |
|
| 245 | 1 | 3 |
_aEl costo de leer y otros ensayos / _cGabriel Zaid. |
| 260 |
_aMéxico : _bCONACULTA, _c2004. |
||
| 300 |
_a115 p. : _bil. |
||
| 440 | 0 | _aBiblioteca del bibliotecario | |
| 650 | 4 |
_aLIBROS Y LECTURA - _zMEXICO |
|
| 905 | _aLibro | ||
| 999 |
_c110435 _d110435 |
||